[Event "GRE-GER m"]
[Site "Corfu"]
[Date "1999.10.15"]
[Round "4"]
[White "Grivas, Efstratios"]
[Black "Huebner, Robert"]
[Result "1/2-1/2"]
[WhiteElo "2514"]
[BlackElo "2599"]
[Annotator "Ribli,Z"]
[PlyCount "130"]
[EventDate "1999.10.12"]
[EventType "schev"]
[EventRounds "5"]
[EventCountry "GRE"]
[SourceTitle "CBM 074"]
[Source "ChessBase"]
[SourceDate "2000.02.01"]
[SourceVersion "1"]
[SourceVersionDate "2000.02.01"]
[SourceQuality "1"]

{[%mdl 4128]} 1. Nf3 Nf6 2. c4 e6 3. g3 d5 4. Bg2 dxc4 {Schwarz nimmt den
Bauern und während Weiss ihn zurück gewinnt kann er die Entwicklung beenden.}
5. Qa4+ Nbd7 6. Qxc4 c5 7. O-O {Dieser Zug bietet nichts Besonderes für Weiss;
nach meiner Meinung sind die Alternativen chancenreicher. Statt der Rochade
kann Weiss das Tempo am Damenflügel benutzen.} (7. Qb3 $2) (7. d3 $5) 7... a6
8. Qc2 b6 9. b3 (9. b4 $5 $146 Bb7 10. bxc5 Rc8 11. Nc3 Bxc5 12. Qb3 O-O 13. a4
Qc7 14. Bb2 Bxf3 15. Bxf3 Ne5 16. Ne4 Nxf3+ 17. Qxf3 Nxe4 18. Qxe4 $11 {
Akopian,V-Piket,J/Madrid 1997/Inf 69 (18)}) (9. d4 {- E 04}) (9. Nc3 Bb7 10.
Rd1 Rc8 11. e4 b5 12. d3 Be7 13. b3 O-O 14. Bb2 Qb6 15. Qe2 Rfd8 16. e5 Nd5 17.
Ne4 Nb8 18. Rac1 Nc6 19. h4 Nd4 20. Nxd4 cxd4 21. Qg4 Rxc1 22. Bxc1 Nc3 23. Re1
Nxa2 24. Bh6 g6 25. h5 $40 {1-0 Huebner,R-Donner,J/Wijk aan Zee 1975/MCL (38)})
(9. a4) 9... Bb7 10. Bb2 Be7 11. d3 {Weiss möchte eine stabile Igelstellung
bauen und warten. Er hat keinen Eröffnungsvorteil, Schwarz hat gutes
Figurenspiel ohne Entwicklungsprobleme.} O-O 12. Nbd2 Rc8 13. Rac1 {Das ist
der gewönliche Platz des Turms, im folgenden kann Weiss Qb1-Qa1 spielen.} Qc7
14. Qb1 Qb8 15. Rc2 {Weiss bereitet die Turmverdoppelung auf der einzigen
halboffenen Linie vor.} (15. Nc4 Rfd8 16. Qa1 Bf8 17. Nce5 Qa8 18. Bh3 h6 19.
Nxd7 Nxd7 20. Ne5 Nxe5 21. Bxe5 Re8 22. Qb2 b5 23. a4 Bc6 {1/2-1/2
Chasovnikova,E-Koroljova,V/Kolontaevo 1997/EXT 99 (59)}) (15. Qa1 Rfd8 $11)
15... Rfd8 (15... Qa8 $11) 16. Rfc1 h6 $11 17. Qa1 {[%cal Ga1g7] In der
Reti-Eroeffnung gibt es gewöhnlich wenige taktische, konkrete Varianten, das
Spiel ist mehr positionell.} Bf8 {Auf diese Weise verteidigt Schwarz den
g7-Punkt und befreit den f6N.} 18. a3 {Ein Wartezug; später kann Weiss b3-b4
spielen.} Ne8 19. Bh3 {Weiss bereitet 20.Ne5 vor, möchte aber den
weissfarbigen Läufer auf dem Brett halten.} (19. Ne5 Bxg2 20. Kxg2 Nxe5 21.
Bxe5 Qb7+ 22. Nf3 $11) 19... Nd6 {Der Springer steht nicht besonders gut auf
e8, aber nach 19...Nef6 konnte Weiss mit 20.Bg2 die Züge wiederholen.} 20. Ne5
Nxe5 21. Bxe5 {Weiss hat eine freie Stellung, aber die schwarze Stellung ist
auch fest.} Qa7 {Schwarz vermeidet die Fesselung des d6-Springers und bereitet
das Manöver Nb5-d4 vor.} 22. b4 {Weiss spielt - endlich - aktiv und möchte die
c-Linie öffnen.} (22. Qb2 Nb5 {[%csl Yd4][%cal Gb5d4]}) 22... cxb4 (22... Nb5
23. bxc5 $14 {Schwarz kann nicht 23...Bxc5 spielen, denn g7 hängt dann.}) 23.
axb4 Rxc2 24. Rxc2 Rc8 25. Rxc8 Nxc8 {Der b4P ist stark oder schwach?
Einerseits stark, da er den schwarzen Damenflügel blockiert, aber besonders im
Endspiel - er kann schwach sein.} 26. Nc4 {Der b4P hängt nicht, da der g7P
nicht verteidigt ist.} Bc6 {[%cal Gc6b5]} (26... b5 $11) 27. Bd4 Bb5 {Der b5B
steht ideal, aber er überlässt die grosse weisse Diagonale dem Gegner.} (27...
Qb7 $11) 28. Bg2 Qc7 29. Be5 Qd7 30. Bd4 f6 {Jetzt hängt b4.} 31. Bc3 {Weiss
nimmt nicht auf b6, sondern verteidigt seinen b4P.} (31. Nxb6 Nxb6 32. Bxb6
Bxb4 $15) 31... Qc7 32. Qa2 {[%cal Ga2g8]} Kh8 33. Bd2 Nd6 34. Nxd6 Qxd6 {
Schwarz hat theoretischen Vorteil - er kann eventuell im folgenden mit - nach
Vorbereitung - a6-a5 einen Freibauern ins Leben rufen.} 35. Qc2 {[%cal Gc2c8]}
Qd7 36. h4 Kg8 $5 {Der schwarze König strebt in der Mitte.} 37. Qc3 {[%cal
Gg8f7]} Kf7 38. Bf3 {[%cal Gf3h5,Gh5f7]} Be7 39. Be3 {[%csl Rb6][%cal Re3b6]}
Bd8 40. Bh5+ Ke7 41. Bf3 Qc7 42. Qd4 {Es ist besser für Weiss die Damen auf
dem Brett halten.} (42. Qxc7+ Bxc7 $15) 42... Bc6 43. Qg4 {[%csl Rg7][%cal
Rg4g7]} Kf7 44. h5 {[%csl Yg6][%cal Gg4g6,Gg6f7]} Bxf3 45. Qxf3 a5 {Endlich
macht Schwarz diesen Zug. Er bekommt einen ernfernten Freibauern, aber - mit
aktiver Dame - Weiss kann das Gleichgewicht halten.} 46. bxa5 bxa5 47. Qa8 $1 {
[%csl Ga8][%cal Ga8a5,Ga8d8] Die weisse Dame steht sehr aktiv.} Qd7 48. Bc5 a4
49. d4 {Weiss mobilisiert seine Mehrheit im Zentrum.} Be7 50. e4 $5 (50. Bxe7
Kxe7 51. Qg8 Kd6 $15) 50... f5 (50... Bxc5 51. dxc5 $15) 51. exf5 exf5 52. Qa6
{[%cal Ga6g6,Gg6f7] Der a4P ist in Wirklichkeit nicht gefährlich, da die
aktive Dame alle wichtigen Punkte kontrolliert.} f4 53. Qg6+ (53. gxf4 $5 Qg4+
54. Kf1 $11) 53... Kg8 54. Qc2 fxg3 55. fxg3 Bxc5 56. dxc5 $5 {Weiss hat auch
seinen Freibauer.} (56. Qxc5 Qe8 $11) 56... Qc6 57. Kh2 Kf7 (57... a3 $2 58.
Qb3+ $16 {[%cal Rb3a3,Rb3g8]}) 58. Qc3 {In dieser gleiche Stellung kann man
sich kaum ein anderes Ergebnis als Remis vorstellen.} g5 59. hxg6+ Kxg6 60. Qb4
{[%cal Gb4b6,Gb6g6]} Kf7 61. Qb6 {Dieser Zug führt forciert zum Remis.} Qxb6
62. cxb6 a3 63. b7 a2 64. b8=Q a1=Q 65. Qf4+ Qf6 1/2-1/2

[Event "HUN-ch"]
[Site "Budapest"]
[Date "1995.??.??"]
[Round "1"]
[White "Horvath, Gyula"]
[Black "Varga, Zoltan"]
[Result "0-1"]
[WhiteElo "2455"]
[BlackElo "2460"]
[Annotator "Ribli,Z"]
[PlyCount "72"]
[EventDate "1995.01.??"]
[EventType "tourn"]
[EventRounds "11"]
[EventCountry "HUN"]
[EventCategory "10"]
[SourceTitle "CBM 046"]
[Source "ChessBase"]
[SourceDate "1995.06.01"]
[SourceVersion "1"]
[SourceVersionDate "1995.06.01"]
[SourceQuality "1"]

1. c4 e6 2. Nf3 Nf6 3. g3 d5 4. b3 {Sehr solide Fortsetzung. Attraktiver waere
4.Bg2 oder 4.d4.} d4 5. Bg2 c5 (5... Nc6 6. O-O Be7 7. e3 e5 8. exd4 e4 9. Ne5
Nxd4 10. Bb2 O-O 11. d3 exd3 12. Qxd3 $1 Ne6 13. Nc3 $14 {Weiss steht etwas
bequemer. Azmaiparashvili,Z-Zvjaginsev,V/Moscow olm/1994/ CBM45/}) 6. O-O Nc6
7. e3 Bd6 (7... e5 8. d3 Be7 9. exd4 exd4 10. Na3 O-O 11. Nc2 Bf5 12. Re1 Qd7
$10 {Die Stellung ist voellig ausgeglichen.Kengis,E-Klovan,Y/Groningen op/1991/
EXP26/}) 8. exd4 cxd4 9. d3 O-O 10. a3 (10. Na3 $5 {In Betracht kommt auch 10.
Na3!? mit Idee Nc2 und Ba3.}) 10... a5 11. Bg5 (11. Qc2 {Bringt nichts fuer
Weiss.} h6 $5 12. Nbd2 e5 13. c5 Bc7 14. Nc4 Bf5 15. Re1 Re8 $10 {Schwarz hat
genuegend Gegenspiel, droht e5-e4. Sieglen,J-Dokhoian,Y/Bonn GSK/ 1994/CBM40/})
11... h6 12. Bxf6 Qxf6 13. Nbd2 {Das ist eine typische Benoni Stellung, Weiss
hat jetzt ein Tempo mehr (b3), aber dieses extra Tempo macht nur Sorge fuer
Weiss.} Qe7 $1 14. Qc1 f5 15. Ne1 {Sehr passiv.} (15. Re1 $5 e5 16. c5 Bxc5 17.
Nxe5 Nxe5 18. f4 $13 {Mit komplizierter Stellung.} Nxd3 $2 19. Qc4+ Qf7 20. Bd5
Nxe1 21. Rxe1 $18 {Weiss gewinnt.}) 15... e5 16. Nc2 h5 {Weiss hat am
Damenfluegel noch nichts erreicht, waehrend Schwarz droht schon mit Angriff am
Koeningfluegel.} 17. Nf3 e4 $5 {Eine sehr unangenehme Ueberraschung fuer Weiss.
} 18. Nfxd4 (18. dxe4 d3 $1 19. Ne3 fxe4 $17) 18... Nxd4 19. Nxd4 Be5 20. Nb5
Bxa1 21. Qxa1 Bd7 (21... exd3 22. Bd5+ Kh8 23. Qd1 $44 {Weiss hat Spiel fuer
die verlorene Qualitaet.}) 22. dxe4 $6 (22. Nc7 $1 Rac8 23. Nd5 Qd6 24. dxe4
fxe4 25. Bxe4 Rce8 $15 {Weiss hat sehr gute Remischance.}) 22... Bxb5 23. cxb5
f4 $1 {Dieser starke Zug hat zwei Idee: 1.Schwarz will die g2-b7 Diagonale
zusperren. 2.Schwarz konzentriert auf seine Angriffplanung.} (23... fxe4 24.
Qd4 $44) 24. e5 $5 {Sonst hat Weiss kein Gegenspiel.} Rf5 25. Be4 (25. Re1 Qc5
26. Qb2 Raf8 $17) 25... Rxe5 26. Bxb7 Rd8 27. Qc3 Rc5 $1 28. Qxa5 fxg3 29. hxg3
h4 $1 {Die Weisse Dame stellt sich auf a5 selbst ins Abseits.Jetzt rollt der
schwarze Angriff unaufhaltsam voran.} 30. gxh4 Qxh4 31. Bg2 Rf8 32. Qa4 Rf4 33.
Qa8+ Kh7 34. Qa7 Rh5 35. Re1 Rg4 36. Qb7 (36. Kf1 Rxg2 37. Kxg2 Qh3+ 38. Kg1
Qh1#) 36... Qh1# {Ribli} 0-1

[Event "RUS-Cup01 Chigorin Memorial"]
[Site "St Petersburg"]
[Date "1997.11.06"]
[Round "6"]
[White "Makarov, Marat"]
[Black "Polovodin, Igor A"]
[Result "1/2-1/2"]
[WhiteElo "2540"]
[BlackElo "2440"]
[Annotator "Ribli,Z"]
[PlyCount "93"]
[EventDate "1997.11.01"]
[EventType "swiss"]
[EventRounds "9"]
[EventCountry "RUS"]
[SourceTitle "CBM 062"]
[Source "ChessBase"]
[SourceDate "1998.01.31"]
[SourceVersion "1"]
[SourceVersionDate "1998.01.31"]
[SourceQuality "1"]

1. Nf3 Nf6 2. c4 e6 3. g3 d5 4. Bg2 dxc4 {Meiner Meinung nach bietet diese
Variante Schwarz gute Chancen auf Ausgleich. 4...Be7 5.d4 führt zur
Katalanischen Verteidigung. In unserer Partie kommt Weiß nicht so leicht zu
d2-d4.} 5. Qa4+ Nbd7 6. Qxc4 c5 (6... a6 7. Qc2 $5) 7. d3 Bd6 {Das ist der
beste Platz für den Läufer. Wenn es nötig wird, kann Schwarz Bd6-c7 ziehen.} (
7... a6 8. Qb3 $1 Bd6 9. a4 Rb8 10. a5 Bc7 11. Bd2 O-O 12. O-O Re8 13. Qa4 e5
14. Nc3 $14 {Makarov,M-Matychenkov,V Smolensk 1991 CBM/24}) (7... b6 $2 {[#]}
8. Nd4 Ne5 9. Nc6 Nxc6 10. Bxc6+ Bd7 11. Bxa8 Qxa8 12. f3 h5 13. Nc3 h4 14. g4
Qc6 15. a4 $18) 8. a4 O-O (8... b6 $2 {[#]} 9. Nd4 $1 Ne5 10. Nc6 Nxc6 11.
Bxc6+ Bd7 12. Bxa8 Qxa8 13. O-O h5 14. h4 Bc6 15. Nc3 Qb8 16. Bf4 $1 e5 17. Bg5
$16 {Gurevich,D-Mikhalevski,V/Beersheba/1993/}) (8... Bc7 9. Nc3 a6 10. Qa2 $5
O-O 11. O-O h6 12. a5 Rb8 13. Nd2 $14 {Arsovic,Z-Kohlwayer,B/JUG-chT/Nis/1994/}
) (8... Nb6 9. Qb3 Bd7 10. a5 Nbd5 11. e4 Nb4 12. e5 Bb5 13. O-O $1 Bxd3 14.
exf6 Qxf6 15. Qa4+ Kf8 16. Bg5 Qxb2 17. Nbd2 Bxf1 18. Rxf1 Be7 19. Nc4 $18 {
Antunes,A-Veingold,A/Benesque op/ 1995/}) 9. a5 $146 {Weiß gewinnt mit diesem
Zug Raum am Damenflügel.} (9. Qb3 $5 Rb8 (9... Ne5 10. Nxe5 Bxe5 11. O-O Rb8
12. Na3 Nd5 13. Nc4 Bc7 14. Ne3 $1 {1/2-1/2 Hauchard,A-Kiselev,S/Bucharest
1993 (41)}) 10. Na3 Bc7 11. Nb5 Ba5+ 12. Bd2 a6 13. Na7 c4 $5 (13... Bxd2+ 14.
Nxd2 Qc7 15. O-O b6 16. Nxc8 Rfxc8 17. Rfc1 $14) 14. Qxc4 Bxd2+ 15. Nxd2 Nb6
16. Qc5 {1-0 Akopian,V-Almasi,Z/Ubeda 1997 (43)}) 9... Rb8 10. O-O b5 11. axb6
axb6 12. Nc3 {[%cal Gc3b5]} Bb7 $11 {Schwarz hat eine angenehme Stellung
erreicht. Er hat nur eine kleine Schwäche auf b5 zu beklagen, dafür sind seine
Figuren gut platziert.} 13. Ra7 $6 {Meiner Meinung nach ist dieser Zug zu
aggressiv.} (13. Nb5 $5 {[%csl Gb5]}) {[#]} 13... b5 $1 $13 {Ein schöner Zug,
der zu schweren Komplikationen führt.} 14. Nxb5 (14. Qh4 Qb6 $15) (14. Qxb5 $2
Bxf3 $19) 14... Bd5 15. Qa4 $8 Bc6 {[%cal Rc6a4] Es scheint, als könne Weiß
den Materialverlust nicht verhindern.} (15... Nb6 16. Qc2 $16) 16. Nfd4 {
Eine sehr schöne Antwort! Weiß kann seine Bauernmehrheit mit diesem Zug halten.
} (16. Qa6 Rb6 $1 {[%csl Ra6,Rb5]} (16... Bxb5 17. Qxd6 $16) (16... Rxb5 17.
Qxc6 $16)) (16. Ra5 Bc7 $19 {[%cal Rc6a4,Rc7a5]}) 16... Bxg2 (16... cxd4 17.
Bxc6 $16) 17. Kxg2 Nb6 (17... cxd4 18. Nxd6 Nc5 19. Qxd4 (19. Qc6 $16) 19...
Qb6 20. Ra3 Rfd8 21. Bf4 Ne8 22. Rc1 $18) 18. Qa3 $8 {Diese Stellung war nach
13...b5 praktisch erzwungen.} Nc8 (18... cxd4 19. Nxd6 $16 (19. Qxd6 $16 {
[%csl Rd4]})) 19. Ra6 (19. Nc6 $6 Nxa7 20. Nxd8 (20. Nbxa7 Qb6 21. Nxb8 Bxb8
$19 {[%csl Ra7]}) (20. Qxa7 Qb6 21. Nxb8 (21. Nxd6 Qxc6+ $19) (21. Qxb6 Rxb6
22. Nxd6 Rxc6 23. Nc4 $15) 21... Qxb5 $19 {[%csl Rb8]}) 20... Nxb5 21. Qa4
Rfxd8 $17 {Schwarz hat einen Turm und zwei Leichtfiguren für die Dame.}) 19...
cxd4 20. Nxd6 Nd5 $5 (20... Nxd6 21. Rxd6 $16 {[%csl Rd4][%cal Rd6d8,Rd6d4]})
21. Ne4 $1 $14 (21. Nxc8 Qxc8 $15 {Weiß hat einen Mehrbauern, aber der
Freibauer b2 ist nicht so leicht zu verwerten. Schwarz hat -wie im
Wolga-Gambit- Gegenspiel auf den offenen Linien.}) 21... Qc7 22. Kg1 Nce7 23.
Ra7 Rb7 24. Rxb7 Qxb7 {Ungeachtet des Materialrückstandes erfreut sich Schwarz
aktiven Figurenspiels und eines gut zentralisierten Nd5. Zwar ist der Pd4 in
einigen Varianten schwach, aber Weiß schafft es noch nicht, seinen Mehrbauern
in Bewegung zu setzen.} 25. Bg5 (25. Qc5 e5) 25... f6 26. Bd2 Rb8 {[%csl Gb7,
Gb8][%cal Gb8b2]} 27. b4 {Endlich kommt der weiße b-Bauer in Bewegung. Obwohl
Schwarz den Pb4 sofort schlagen könnte, müßte er im Gegenzug den Pe6 hergeben.}
(27. Rb1) 27... Nxb4 28. Nc5 Qb5 29. Bxb4 $6 (29. Nxe6 Nec6 30. Rc1 $5 $16)
29... Qxb4 30. Qxb4 Rxb4 31. Nxe6 {[%csl Rd4] Weiß hat einen Mehrbauern, und
Schwarz muß sich ein wenig um seine Schwäche auf d4 sorgen. Aber auf der
anderen Seite gibt es keinen Freibauer, und Schwarz kann etwas positionellen
Druck ausüben.} Kf7 32. Nc5 Rb2 {[%csl Gb2][%cal Gb2h2]} 33. Re1 Nd5 $44 {
[%csl Gb2,Gd5]} 34. Ne4 h6 {Verhindert das nach 35...f5 mögliche
Springerschach auf g5.} 35. Kf1 f5 36. Nd6+ Ke6 37. Nc4 Ra2 38. Rb1 $6 (38. e3
dxe3 39. Nxe3 Nxe3+ 40. Rxe3+ $14) (38. e4 $5) 38... Rxe2 {Mit dieser kleinen
Kombination entfernt Schwarz den wichtigsten weißen Bauern.} 39. Rb7 (39. Kxe2
Nc3+ $11 {[%cal Rc3e2,Rc3b1]}) 39... Ra2 40. Rxg7 Nb4 {[%csl Rd3]} 41. Rg6+ Kd5
$11 {Schwarz hat einen Bauern weniger und alle seine Bauern sind schwach. Sein
Turm, König und Springer stehen jedoch so aktiv, daß sie das Gleichgewicht
garantieren.} 42. Nb6+ Kc5 43. Nd7+ Kd5 {Sonst spielt Weiß 44.Ne5.} 44. Nf6+
Kc5 45. Nd7+ {Weiß hat nichts Besseres als Dauerschach.Ribli.} Kd5 46. Nb6+ Kc5
47. Nd7+ {Und remis durch Zugwiederholung.} 1/2-1/2

[Event "RUS-ch U20"]
[Site "Nojabrsk"]
[Date "2005.03.02"]
[Round "1"]
[White "Iljin, Artem"]
[Black "Riazantsev, Alexander"]
[Result "0-1"]
[WhiteElo "2482"]
[BlackElo "2596"]
[Annotator "Ribli,Z"]
[PlyCount "74"]
[EventDate "2005.03.02"]
[EventType "tourn"]
[EventRounds "11"]
[EventCountry "RUS"]
[EventCategory "11"]
[SourceTitle "CBM 106"]
[Source "ChessBase"]
[SourceDate "2005.06.06"]
[SourceVersion "1"]
[SourceVersionDate "2005.06.06"]
[SourceQuality "1"]

1. c4 e6 2. Nf3 d5 3. g3 Nf6 4. Bg2 dxc4 5. Qa4+ c6 {Diese Spielweise ist
unkompliziert und bietet Schwarz angenehmes Spiel. Sie ähnelt der Meraner
Variante des Damengambits; er möchte seinen Damenflügel mit b7-b5, Bb7
entwickeln und später mit c6-c5 die Stellung ausgleichen.} 6. Qxc4 b5 7. Qc2
Bb7 8. O-O (8. Nc3 Nbd7 9. O-O Qb6 (9... Rc8) 10. d3 c5 11. a4 a6 12. Bd2 Be7
13. axb5 axb5 14. Rxa8+ Bxa8 15. Qb3 Bc6 16. Ng5 Bxg2 17. Kxg2 b4 18. Nd1 O-O {
0-1 Sulyok,M-Riazantsev,A/Oberwart 2004/CBM 103 ext (34)}) 8... Nbd7 9. a4 a6
10. Nc3 Rc8 (10... b4 11. Ne4 $14) (10... Be7 11. d4 $14) 11. d3 (11. b3 Be7
12. Bb2 O-O 13. Ne4 Nd5 (13... c5 $2 14. Nxf6+ Nxf6 (14... Bxf6 15. Ng5) 15.
Ng5 Bxg2 16. Bxf6 g6 17. Nxe6 fxe6 18. Bxe7 Qxe7 19. Kxg2 $16) 14. Rfc1 c5 $15
{0-1 Conquest,S-Grischuk,A/Torshavn2000/[Grischuk,A] (41)}) (11. d4 b4 12. Ne4
c5) (11. Rd1 Be7 12. d4 c5 13. axb5 axb5 14. dxc5 Bxc5 15. Ne5 Bxg2 16. Nxd7
Nxd7 17. Kxg2 Qc7 18. Qd3 {1-0 Van Oosterom,J-Tarnowiecki,H/ICCF 2002/ICCF
Telechess CBM 100 (48)}) 11... Be7 12. e4 (12. Be3 O-O 13. Rfc1 Ng4 14. Bd2 Qb6
15. Be1 Ngf6 16. Nd2 c5 {1/2-1/2 Dizdar,G-Izoria,Z/Dubai 2004/(16)}) 12... O-O
13. Be3 (13. axb5 cxb5 14. Qe2 Nc5 $15) (13. Rd1 Qb6 (13... b4) 14. h3 c5 15.
Be3 Bc6 16. Nd2 Qb7 17. Nb3 Qb8 18. axb5 axb5 19. Na5 Ba8 20. Qb3 b4 21. Nb1
Ne5 {1/2-1/2 Poluljahov,A-Tregubov,P/Krasnodar 1998/EXT 2000 (29)}) 13... b4 {
[%mdl 4] Mit Tempo gespielt; Schwarz gewinnt Raum am Damenflügel und erhält
die Initiative, jedoch kann Weiß mit Nb1-Nbd2 die Kontrolle über das Feld c4
erlangen.} (13... Ng4 14. Bd2 b4 $5 (14... Qb6 15. h3 Nge5 $11 (15... Ngf6 16.
Be3 c5 $11)) 15. Ne2 c5 $15) 14. Nb1 c5 {Die positionelle Drohung von Schwarz
ist 15...c4, mit überlegenem Spiel am Damenflügel.} 15. Nbd2 Ng4 16. Bf4 (16.
Nc4 $142 Qc7 $11 (16... f5 $5)) 16... g5 $1 $15 {[%csl Rf4] Nach diesem Zug
wird deutlich, dass Weiß Probleme bekommt, seinen Läufer zu behalten.} 17. Be3
(17. h3 gxf4 18. hxg4 fxg3 (18... Qc7 $17 {[%cal Gc7g3]}) 19. fxg3 Qc7 $17)
17... Nxe3 (17... Nde5 18. Ne1 f5 $36) 18. fxe3 g4 19. Ne1 Ne5 {[%csl Ge5,Gg4]
Schwarz besitzt eine aktivere Stellung, da Weiß Probleme mit der Koordiantion
seiner Figuren hat.} 20. Nc4 Bf6 21. Rd1 Bg7 (21... h5 $15) 22. Nxe5 Bxe5 {
[%csl Gb7,Ge5]} 23. Qe2 h5 24. b3 (24. d4 cxd4 25. Nd3 (25. Nc2 d3 26. Rxd3 Qa5
27. b3 Rc7 $17) 25... Bg7 $15) 24... Rc7 (24... Qg5 $6 25. d4 Bg7 26. e5 $14) (
24... Qb6 25. Nc2 a5 $15) 25. d4 {Weiß verliert die Geduld und verkompliziert
das Spiel. Mit dem Textzug öffnet er die Stellung. Dies ist jedoch vorteilhaft
für Schwarz, da er über das Läuferpaar verfügt.} (25. Nc2 Rd7 $15) 25... cxd4
26. Nd3 Bg7 27. Nxb4 Rc3 (27... a5 $1 28. Nc2 (28. Nd3 Ba6 $17 {[%csl Rd3]
[%cal Ra6f1]} (28... Rc3 $17)) 28... d3 29. Rxd3 Ba6 $19) 28. exd4 Qb6 (28...
Bxd4+ 29. Kh1 Qb6 30. Nc2 Be5 31. b4 Qc6 $17) 29. Nd3 (29. Nc2 Qxb3 $17) 29...
Qxd4+ (29... Bxd4+ 30. Kh1 Rxb3 $17) 30. Kh1 Rxb3 $17 {[%csl Gb3,Gb7,Gd4,Gg7]
[%mdl 2048] Schwarz verfügt über einen Mehrbauern und aktiveres Figurenspiel.}
31. Rfe1 Qc3 32. Nf4 Qe5 {[%csl Ge5] Die Dame steht ausgezeichnet auf e5.} 33.
Rb1 (33. Nd3 Qa5 $17) 33... Rxb1 34. Rxb1 Ba8 35. Qxa6 h4 $1 $19 {[%csl Ge5,
Rh1][%cal Rh4h3,Ga8h1] Mit diesem neuen Angriffsschwung entscheidet Schwarz
die Partie.} (35... Bxe4 $19) 36. Nd3 (36. Kg1 h3 $19) 36... Qd4 {[%csl Gd4]}
37. gxh4 Bxe4 {[%csl Rd3,Rh1][%cal Re4h1,Re4b1]} (37... Bxe4 38. Bxe4 (38. Rd1
Bxg2+ 39. Kxg2 Qe4+ 40. Kg1 Qe2 $19) 38... Qxe4+ 39. Kg1 Bd4+ $19) 0-1

[Event "URS-ch58"]
[Site "Moscow"]
[Date "1991.??.??"]
[Round "5"]
[White "Shcherbakov, Ruslan"]
[Black "Aleksandrov, Aleksej"]
[Result "1-0"]
[WhiteElo "2525"]
[BlackElo "2450"]
[Annotator "Ribli,Z"]
[PlyCount "93"]
[EventDate "1991.11.??"]
[EventType "swiss"]
[EventRounds "11"]
[EventCountry "URS"]
[SourceTitle "URS-ch"]
[Source "ChessBase"]
[SourceDate "1999.07.01"]
[SourceVersion "1"]
[SourceVersionDate "1999.07.01"]
[SourceQuality "1"]

1. c4 e6 2. g3 d5 3. Bg2 Nf6 4. Nf3 dxc4 5. Qa4+ Nbd7 6. Qxc4 c5 7. d3 Bd6 (
7... Be7 8. O-O O-O 9. Qc2 Nd5 10. a3 b6 11. Nc3 Bb7 12. e4 Nxc3 13. bxc3 e5
14. a4 Qc7 15. Nd2 Ba6 16. Nc4 Rad8 17. Ne3 Nf6 18. c4 $14 {Savas,L-Ezsoel,M
WchJ-Mamaia 1991 EXP/25}) 8. O-O (8. a4 O-O 9. O-O (9. Nc3 a6 10. Qb3 Rb8 11.
Nd2 b6 12. Nc4 Bc7 13. O-O Ne5 14. Bf4 Nxc4 15. Qxc4 Bxf4 16. Qxf4 Bb7 $10 {
Wirthensohn,H-Luther,T Altensteig 1990 CBM/20}) 9... Nb6 10. Qc2 Bd7 $2 (10...
Nbd5 $5) 11. e4 $1 $14 {Dorfman-Nogueiras Moscow GMA op 1990 49/9}) 8... O-O 9.
Qb3 Nb6 (9... Rb8 $5) 10. Nc3 h6 11. Nd2 Be7 12. a3 Nfd5 13. Nc4 Nxc4 14. Qxc4
Nb6 15. Qb3 a5 16. Be3 a4 17. Qc2 Ra5 18. Ne4 Nd7 19. d4 $1 $14 b6 20. Rfd1 Qc7
21. Rac1 Bb7 22. Bd2 $1 Raa8 23. Bf4 e5 24. dxe5 Nxe5 25. Qc3 f6 26. Bxe5 $1
fxe5 27. Qc4+ Kh8 28. Nc3 $1 $16 Bxg2 29. Kxg2 Rfd8 30. Qe4 Rac8 31. Nd5 Qc6
32. f3 Bf8 33. Rc2 b5 34. Qxe5 Re8 35. Qf5 Rcd8 36. Rcd2 g6 37. Qf7 Qe6 38. Qf4
Rxd5 39. Rxd5 Qxe2+ 40. Kh3 Bg7 41. Qf7 Kh7 42. Rd6 Rf8 43. Qxg6+ Kg8 44. Rd8
Qxf3 45. Rxf8+ Qxf8 46. Re1 Qc8+ 47. g4 1-0

[Event "URS-ch58"]
[Site "Moscow"]
[Date "1991.??.??"]
[Round "3"]
[White "Bagirov, Vladimir"]
[Black "Sveshnikov, Evgeny"]
[Result "1/2-1/2"]
[WhiteElo "2485"]
[BlackElo "2540"]
[Annotator "Ribli,Z"]
[PlyCount "33"]
[EventDate "1991.11.??"]
[EventType "swiss"]
[EventRounds "11"]
[EventCountry "URS"]
[SourceTitle "URS-ch"]
[Source "ChessBase"]
[SourceDate "1999.07.01"]
[SourceVersion "1"]
[SourceVersionDate "1999.07.01"]
[SourceQuality "1"]

1. Nf3 d5 2. c4 e6 3. b3 Be7 4. Bb2 Bf6 5. Nc3 (5. Qc1 d4 6. e3 e5 7. d3 Nc6 8.
exd4 exd4 9. Be2 Nge7 10. O-O O-O 11. Nbd2 Ng6 12. Ne4 Re8 13. Re1 Be7 14. a3
a5 15. Qd2 h6 16. h3 Bf5 $10 {Akopian,V-Petrosian,A URS-sf Daugavpils 1989 CBM/
16}) 5... c5 6. cxd5 exd5 7. d4 cxd4 8. Nxd4 Ne7 9. g3 Nbc6 10. Nxc6 Nxc6 $5 (
10... bxc6 11. Bg2 O-O 12. O-O Bg4 13. Qd2 Rc8 14. Rfe1 Re8 15. h3 Be6 16. Rad1
$14 {Spraggett,K-Yusupov,A (8) Quebec cq 1989 CBM/11}) 11. Bg2 O-O 12. O-O (12.
Qxd5 Qxd5 13. Bxd5 Nb4 14. Be4 Re8 $44) 12... Bg4 13. Rc1 (13. Qxd5 Qxd5 14.
Bxd5 Bxe2 $10) 13... Re8 14. Rc2 d4 15. Nd5 Be5 16. f4 Bd6 17. Bxd4 1/2-1/2